Top Ten Bulls Players (Ever) - Statistics

General Stats
  • This quiz has been taken 42 times
    11 since last reset
  • The average score is 5 of 10
Answer Stats
# Player % Correct
5 Derrick Rose
100%
1 Michael Jordan
100%
2 Scottie Pippen
100%
9 Dennis Rodman
88%
7 Artis Gilmore
50%
4 Bob Love
38%
6 Jimmy Butler
25%
10 Dwyane Wade
13%
3 Jerry Sloan
13%
8 Chet Walker
0%
No matching quizzes found
Score Distribution
Percent of People with Each Score
Percentile by Number Answered
Your Score History
You have not taken this quiz since the last reset